00783nam a22002057a 450000500170000001000150001702000260003203500140005803700130007208200150008524500620010025000100016226000680017227000900024030000270033050000490035794200220040699900190042895201300044720231115111223.0 aENG-138092 a9789357052133c850.00 aEN-121624 bDBAD/PUB a0002First a2024 Gate:bGeneral Aptitude and Engineering Mathematics/ aFirst aUttar PradeshbPearson India Education Services Pvt. Ltd.c2023 a1st Floor, Berger Tower, Plot No. C-001A/2, Sector 16BbNoida (Uttar Pradesh)e201301 av.p.c26cm(pbk)bIndex aGeneral Aptitude and Engineering Mathematics 2ddccENh000mGAT c198257d198257 001040708NFICaBNbBNd2023-09-18eDBAD/PUBg850.00l0o000 GATpEN-121624r2023-09-18 00:00:00t1v850.00w2023-09-18yEN